000 01836cam a2200481 i 4500
001 xx005917244
003 NUKAT
005 20260408001839.0
008 260407s1931 pl |000 0 pol c
035 _a(NUKAT)xx005917244
040 _aOLSZT 008/AL
_bpol
_erda
_cOLSZT 008/AL
045 2 _bd1918
_bd1930
046 _k1931
100 1 _aSowa, Paweł
_d(1897-1984).
_eAutor
_911576
245 1 0 _aRatujmy Mazury! /
_cnapisał w 11 rocznicę plebiscytu Warmjak P. Sowa.
260 _aToruń :
_bnakładem "Ziemi Wschodnio-Pruskiej",
_c1931
_e(Toruń :
_fdrukiem Drukarni Robotniczej Sp. z ogr. por.).
300 _a15 stron ;
_c19 cm.
336 _aTekst
_btxt
_2rdacontent
337 _aBez urządzenia pośredniczącego
_bn
_2rdamedia
338 _aWolumin
_bnc
_2rdacarrier
380 _aKsiążki
380 _aLiteratura faktu, eseje, publicystyka
388 1 _a1901-2000
388 1 _a1918-1939
648 7 _a1901-2000
_2DBN
_934996
648 7 _a1918-1939
_2DBN
_936041
650 7 _aGermanizacja
_2DBN
_937768
650 7 _aMazurzy
_2DBN
_938043
650 7 _aPlebiscyt na Warmii, Mazurach i Powiślu (1920)
_2DBN
_939379
650 7 _aGermanizacja
_zPolska
_zMazury (region)
_y1900-1945.
_2kaba
_939613
650 7 _aMazurzy
_zPrusy
_xsytuacja społeczna
_y1900-1945.
_2kaba
_928099
650 7 _aPlebiscyt
_zPolska
_zMazury (region)
_y1900-1945.
_2kaba
_95679
651 7 _aMazury
_2DBN
_935176
651 7 _aMazury (Polska ; region)
_xludność
_xhistoria.
_2kaba
_918770
651 7 _aNiemcy
_xstosunki
_zPolska
_y1900-1945.
_2kaba
_9357
651 7 _aPolska
_2DBN
_935076
655 7 _aOdezwa
_2DBN
_939614
655 7 _aPublicystyka polityczna
_2DBN
_939615
658 _aHistoria
658 _aPolityka, politologia, administracja publiczna
710 2 _aDrukarnia Robotnicza (Toruń).
_eDruk
_4prt
_939616
942 _2ddc
_cBK_NM
999 _c27467
_d27467